| 000 | 00586nam a2200205Ia 4500 | ||
|---|---|---|---|
| 005 | 20260429112049.0 | ||
| 008 | 260429s9999||||xx |||||||||||||| ||und|| | ||
| 020 | _a9781836598282 | ||
| 041 | _aEnglish | ||
| 082 |
_a025.002 _bWAR |
||
| 100 | _aWard, Ricardo | ||
| 245 | 0 |
_aImplementing AI tools for collection management in library / _cRicardo Ward |
|
| 250 | _a1st ed. | ||
| 260 |
_aLondon : _bETP ED- Tech Press, _c2025. |
||
| 300 | _aix, 236 p.; hb | ||
| 650 | _a Artificial intelligence | ||
| 650 | _a Collection management | ||
| 650 | _aLibrary automation | ||
| 942 | _cTB | ||
| 999 |
_c52161 _d52161 |
||